10 empresas mais bem sucedidas do mundo - Statistics

Estatísticas Gerais
  • Esse quiz foi jogado 472 vezes
  • A pontuação média é 4 de 10
Estatísticas das Respostas
Empresas % Correto
Apple
88%
Microsoft
74%
Google
65%
Samsung
60%
Amazon
49%
Walmart
17%
GE
9%
AT&T
3%
Verizon
3%
China mobile
1%
Nenhum quiz correspondente encontrado
Distribuição das Pontuações
Porcentagem de Pessoas com Cada Pontuação
Percentil de Números Respondidos
Sua Pontuação Histórica
Você não jogou esse quiz